[Event "Belgrade Trophy 36th"]
[Site "Belgrade"]
[Date "2023.11.29"]
[Round "5"]
[White "Veleski, Robert"]
[Black "Scekic, Veljko"]
[Result "1/2-1/2"]
[WhiteElo "2064"]
[BlackElo "2211"]
[PlyCount "80"]
[EventDate "2023.11.25"]
[EventType "swiss"]
[EventRounds "9"]
[EventCountry "SRB"]
[SourceTitle "CB49_2023"]
[SourceDate "2023.12.06"]
[SourceVersion "1"]
[SourceVersionDate "2023.12.06"]
[SourceQuality "1"]

1. d4 Nf6 2. Bg5 e6 3. e4 h6 4. Bxf6 Qxf6 5. Nf3 d6 6. Nc3 c6 7. e5 Qd8 8. exd6 Nd7 9. Bc4 Bxd6 10. Ne4 Nf6 11. Nxd6+ Qxd6 12. 0-0 0-0 13. a4 b6 14. Qe2 c5 15. Rfd1 Bb7 16. Qe5 Qxe5 17. Nxe5 Rfc8 18. c3 cxd4 19. Rxd4 Rc5 20. f4 Rac8 21. Rad1 g5 22. Rd8+ Rxd8 23. Rxd8+ Kg7 24. g3 gxf4 25. gxf4 Rc7 26. Kf2 Ng4+ 27. Nxg4 Rxc4 28. Kg3 Rxa4 29. Ne5 Be4 30. Rd7 Bg6 31. Nc6 a6 32. Nd4 Kf6 33. f5 Bxf5 34. Nxf5 Kxf5 35. Rxf7+ Ke5 36. h4 Ra2 37. b4 Rc2 38. Rc7 h5 39. Rc6 Kd5 40. Rxb6 Rxc3+ 1/2-1/2

[Event "Belgrade Trophy 36th"]
[Site "Belgrade"]
[Date "2023.11.26"]
[Round "2"]
[White "Veleski, Robert"]
[Black "Mkhitaryan, Emma"]
[Result "1-0"]
[WhiteElo "2064"]
[BlackElo "1433"]
[PlyCount "53"]
[EventDate "2023.11.25"]
[EventType "swiss"]
[EventRounds "9"]
[EventCountry "SRB"]
[SourceTitle "CB49_2023"]
[SourceDate "2023.12.06"]
[SourceVersion "1"]
[SourceVersionDate "2023.12.06"]
[SourceQuality "1"]

1. d4 d5 2. c4 e6 3. Nc3 Nf6 4. Nf3 Be7 5. Bg5 0-0 6. e3 c6 7. Qb3 Nbd7 8. Be2 b6 9. cxd5 exd5 10. 0-0 Bb7 11. Rac1 Ne4 12. Bxe7 Qxe7 13. a4 Ndf6 14. Qa3 Qxa3 15. bxa3 c5 16. Nxe4 Nxe4 17. Bd3 f5 18. dxc5 bxc5 19. Ne5 c4 20. Bxe4 fxe4 21. Rb1 Rfe8 22. Nxc4 Ba6 23. Nd6 Bxf1 24. Nxe8 Bxg2 25. Nc7 Rc8 26. Nxd5 Rd8 27. Rd1 1-0

[Event "EU-ch 23rd"]
[Site "Vrnjacka Banja"]
[Date "2023.03.12"]
[Round "10"]
[White "Senel, Hayri Beyhun"]
[Black "Veleski, Robert"]
[Result "0-1"]
[WhiteElo "1904"]
[BlackElo "2106"]
[PlyCount "110"]
[EventDate "2023.03.03"]
[EventType "swiss"]
[EventRounds "11"]
[EventCountry "SRB"]
[SourceTitle "CBM 213"]
[Source "ChessBase"]
[SourceDate "2023.04.30"]
[SourceVersion "1"]
[SourceVersionDate "2023.04.30"]
[SourceQuality "1"]

1. Nf3 Nf6 2. g3 b6 3. Bg2 Bb7 4. b3 e6 5. Bb2 Be7 6. 0-0 0-0 7. c4 d6 8. d4 Nbd7 9. Nbd2 c5 10. e3 Qc7 11. Qc2 Rac8 12. Rac1 Qb8 13. e4 cxd4 14. Nxd4 Qa8 15. Rfe1 Rfe8 16. h3 a6 17. Qb1 Bf8 18. Kh2 Nc5 19. b4 Na4 20. Ba1 e5 21. Qb3 exd4 22. Qxa4 Nxe4 23. Nxe4 Bxe4 24. Bxe4 Rxe4 25. Rxe4 Qxe4 26. Qxa6 Ra8 27. Qxb6 d3 28. Qe3 Qxe3 29. fxe3 Rxa2+ 30. Kg1 d2 31. Rd1 Rc2 32. Kf2 Rxc4 33. Rxd2 Rxb4 34. Bd4 f6 35. Kf3 Kf7 36. Ra2 Be7 37. Ra7 Rb1 38. h4 Rb5 39. g4 h5 40. gxh5 Rxh5 41. Kg4 g6 42. Rb7 f5+ 43. Kg3 Ke6 44. Ra7 Bxh4+ 45. Kf3 Be7 46. Ra8 Rh3+ 47. Kg2 Rh4 48. Kg3 Rg4+ 49. Kf3 Bf6 50. Bb6 Be5 51. Re8+ Kd5 52. Rg8 Rg3+ 53. Kf2 Ke4 54. Re8 Rf3+ 55. Ke2 Rh3 0-1

[Event "EU-ch 23rd"]
[Site "Vrnjacka Banja"]
[Date "2023.03.10"]
[Round "8"]
[White "Mitrovic, Marjan"]
[Black "Veleski, Robert"]
[Result "1-0"]
[WhiteElo "2208"]
[BlackElo "2106"]
[PlyCount "81"]
[EventDate "2023.03.03"]
[EventType "swiss"]
[EventRounds "11"]
[EventCountry "SRB"]
[SourceTitle "CBM 213"]
[Source "ChessBase"]
[SourceDate "2023.04.30"]
[SourceVersion "1"]
[SourceVersionDate "2023.04.30"]
[SourceQuality "1"]

1. Nf3 Nf6 2. g3 g6 3. Bg2 Bg7 4. c4 0-0 5. 0-0 d6 6. d4 Nc6 7. Nc3 a6 8. b3 Rb8 9. a4 a5 10. Bb2 Nb4 11. Ne1 Nd7 12. Nd5 Nc6 13. e3 Nc5 14. Nd3 Nxd3 15. Qxd3 Bf5 16. Qd2 Bd7 17. h3 Qc8 18. Kh2 Re8 19. Rad1 Bf5 20. f4 Bd7 21. e4 e6 22. Ne3 Nb4 23. Rf2 c6 24. e5 d5 25. Bc3 Bf8 26. g4 dxc4 27. bxc4 b5 28. c5 bxa4 29. Nc4 Qa6 30. Bf1 Qa7 31. Nb6 Rxb6 32. cxb6 Qxb6 33. Bd3 Nd5 34. f5 Nxc3 35. fxg6 hxg6 36. Qxc3 Qb4 37. Qc4 Qb5 38. Qc2 Qd5 39. Bxg6 Re7 40. Be4 Qb5 41. Qc1 1-0

[Event "EU-ch 23rd"]
[Site "Vrnjacka Banja"]
[Date "2023.03.06"]
[Round "4"]
[White "Gunduz, Umut Erdem"]
[Black "Veleski, Robert"]
[Result "1-0"]
[WhiteElo "2286"]
[BlackElo "2106"]
[PlyCount "79"]
[EventDate "2023.03.03"]
[EventType "swiss"]
[EventRounds "11"]
[EventCountry "SRB"]
[SourceTitle "CBM 213"]
[Source "ChessBase"]
[SourceDate "2023.04.30"]
[SourceVersion "1"]
[SourceVersionDate "2023.04.30"]
[SourceQuality "1"]

1. e4 e5 2. Nf3 Nc6 3. Bc4 Nf6 4. d3 Be7 5. 0-0 d6 6. a4 0-0 7. c3 Be6 8. Bxe6 fxe6 9. b4 Qd7 10. h3 Rae8 11. Be3 Bd8 12. Nbd2 Nh5 13. b5 Na5 14. Nxe5 dxe5 15. Qxh5 Qxd3 16. Qxe5 Bf6 17. Qxc7 Bxc3 18. Rad1 Rc8 19. Qe7 Rfe8 20. Qa3 Nc4 21. Nxc4 Qxc4 22. Rc1 Qb4 23. Qxb4 Bxb4 24. Bxa7 Ra8 25. b6 Bd6 26. Rfd1 Bf4 27. Rc4 Rad8 28. Rxd8 Rxd8 29. g3 Be5 30. f4 Bd4+ 31. Kf1 g5 32. Ke2 gxf4 33. gxf4 e5 34. a5 exf4 35. a6 bxa6 36. Rxd4 Rxd4 37. b7 Rxe4+ 38. Kf3 Rb4 39. b8Q+ Rxb8 40. Bxb8 1-0

[Event "Solta op 5th"]
[Site "Grohote"]
[Date "2022.07.04"]
[Round "4"]
[White "Veleski, Robert"]
[Black "Vujakovic, Branko"]
[Result "1-0"]
[WhiteElo "2146"]
[BlackElo "2298"]
[PlyCount "91"]
[EventDate "2022.07.02"]
[EventType "swiss"]
[EventRounds "9"]
[EventCountry "CRO"]
[SourceTitle "EXT 2023"]
[Source "ChessBase"]
[SourceDate "2022.10.05"]
[SourceVersion "1"]
[SourceVersionDate "2022.10.05"]
[SourceQuality "1"]

1. d4 Nf6 2. Nf3 g6 3. Bg5 Bg7 4. Nbd2 d5 5. c3 0-0 6. e3 c5 7. Be2 h6 8. Bh4 Qb6 9. Qb3 Nc6 10. 0-0 Bf5 11. Qa3 Nd7 12. Nb3 c4 13. Nbd2 e5 14. b3 exd4 15. exd4 Rfe8 16. Rfe1 cxb3 17. axb3 Nf6 18. Bg3 Ne4 19. Nxe4 Bxe4 20. Nd2 a5 21. Nxe4 dxe4 22. Qa4 f5 23. h4 Qd8 24. Bb5 Rf8 25. Bc4+ Kh8 26. Qb5 Qe7 27. f3 e3 28. Bf4 Qxh4 29. Bxe3 Rab8 30. Bf2 Qf4 31. Rad1 g5 32. Be2 Qc7 33. Bd3 Ne7 34. Qc4 Qxc4 35. bxc4 Nc6 36. c5 f4 37. Bb5 Rbc8 38. Ba4 Nd8 39. Re7 Bf6 40. Re4 b6 41. c4 bxc5 42. d5 Nb7 43. Re6 Bd4 44. Rxd4 cxd4 45. Bxd4+ Kg8 46. Rg6+ 1-0

[Event "FRM-ch op"]
[Site "Skopje"]
[Date "2022.05.04"]
[Round "8"]
[White "Veleski, Robert"]
[Black "Dinev, Dejan"]
[Result "1/2-1/2"]
[WhiteElo "2136"]
[BlackElo "2201"]
[PlyCount "105"]
[EventDate "2022.04.29"]
[EventType "swiss"]
[EventRounds "9"]
[EventCountry "MKD"]
[SourceTitle "CBM 208 Extra"]
[Source "ChessBase"]
[SourceDate "2022.07.31"]
[SourceVersion "1"]
[SourceVersionDate "2022.07.31"]
[SourceQuality "1"]

1. d4 Nf6 2. Nf3 e6 3. c4 Bb4+ 4. Nc3 0-0 5. Bg5 d5 6. e3 Be7 7. a3 a6 8. c5 Nc6 9. b4 Ne4 10. Bxe7 Nxe7 11. Nxe4 dxe4 12. Nd2 f5 13. Qb3 Rf6 14. Be2 b5 15. cxb6 cxb6 16. Rc1 Bb7 17. g3 b5 18. Rc5 Bd5 19. Qb2 Rc8 20. Nb3 Rf8 21. h4 h6 22. h5 Kh7 23. Rh4 Bxb3 24. Qxb3 Rxc5 25. dxc5 Nd5 26. Qb2 Qc7 27. Bd1 a5 28. Rh1 axb4 29. axb4 Rd8 30. Rg1 Qa7 31. Bc2 Ra8 32. Ke2 Qa3 33. Qb3 Nxb4 34. Rb1 Nd5 35. Qxa3 Rxa3 36. Kd2 b4 37. Bb3 Kg8 38. Bxd5 Rd3+ 39. Ke2 Rxd5 40. Rxb4 Rxc5 41. Rb7 Kf8 42. Kf1 Rc8 43. Kg2 Re8 44. g4 Re7 45. Rb8+ Kf7 46. Kg3 Rd7 47. gxf5 exf5 48. Kf4 Rd2 49. Rb7+ Kf6 50. Rb6+ Kf7 51. Rb7+ Ke6 52. Rb6+ Kf7 53. Rb7+ 1/2-1/2

[Event "FRM-ch op"]
[Site "Skopje"]
[Date "2022.05.03"]
[Round "7"]
[White "Veleski, Robert"]
[Black "Ilic, Ljubomir"]
[Result "1-0"]
[WhiteElo "2136"]
[BlackElo "2005"]
[PlyCount "53"]
[EventDate "2022.04.29"]
[EventType "swiss"]
[EventRounds "9"]
[EventCountry "MKD"]
[SourceTitle "CBM 208 Extra"]
[Source "ChessBase"]
[SourceDate "2022.07.31"]
[SourceVersion "1"]
[SourceVersionDate "2022.07.31"]
[SourceQuality "1"]

1. d4 c5 2. d5 Nf6 3. Nf3 g6 4. Nc3 Bg7 5. e4 0-0 6. e5 Ng4 7. Ng5 Nxe5 8. f4 f6 9. Nxh7 Kxh7 10. fxe5 f5 11. Bf4 e6 12. h4 Qb6 13. Qd2 d6 14. 0-0-0 dxe5 15. Bg5 e4 16. h5 Rh8 17. hxg6+ Kxg6 18. Rxh8 Bxh8 19. Be2 Bg7 20. Rh1 Kf7 21. Rh7 Kg8 22. Rxg7+ Kxg7 23. Bh6+ Kh7 24. Qg5 Qc7 25. Bh5 Na6 26. Qg6+ Kh8 27. Bg5 1-0

[Event "FRM-ch op"]
[Site "Skopje"]
[Date "2022.05.01"]
[Round "4"]
[White "Gjorgjevski, Janco"]
[Black "Veleski, Robert"]
[Result "0-1"]
[WhiteElo "1857"]
[BlackElo "2136"]
[PlyCount "66"]
[EventDate "2022.04.29"]
[EventType "swiss"]
[EventRounds "9"]
[EventCountry "MKD"]
[SourceTitle "CBM 208 Extra"]
[Source "ChessBase"]
[SourceDate "2022.07.31"]
[SourceVersion "1"]
[SourceVersionDate "2022.07.31"]
[SourceQuality "1"]

1. c4 Nf6 2. Nc3 g6 3. d4 Bg7 4. e4 d6 5. Be2 0-0 6. Bg5 h6 7. Be3 Na6 8. h4 c5 9. d5 h5 10. f3 e6 11. Nh3 exd5 12. cxd5 Re8 13. Qd2 Bd7 14. Bf4 Rc8 15. Nb5 Nxe4 16. fxe4 Bxb5 17. Bxb5 Rxe4+ 18. Kf1 Qb6 19. a4 Nc7 20. Ng5 Rd4 21. Qf2 Nxd5 22. Bg3 Rf8 23. Re1 c4 24. Be8 f5 25. Bxg6 f4 26. Qf3 Nf6 27. Bf2 Ng4 28. Re7 Rd1+ 29. Be1 Be5 30. Ke2 Qxb2+ 31. Kxd1 Ne3+ 32. Qxe3 fxe3 33. Bxh5 Qb1+ 0-1

[Event "EU-ch 22nd"]
[Site "Terme Catez"]
[Date "2022.03.31"]
[Round "5"]
[White "Veleski, Robert"]
[Black "Zlatanovic, Marcus"]
[Result "1-0"]
[WhiteElo "2136"]
[BlackElo "1680"]
[PlyCount "79"]
[EventDate "2022.03.27"]
[EventType "swiss"]
[EventRounds "11"]
[EventCountry "SLO"]
[SourceTitle "CBM 208"]
[Source "ChessBase"]
[SourceDate "2022.06.30"]
[SourceVersion "1"]
[SourceVersionDate "2022.06.30"]
[SourceQuality "1"]

1. c4 Nf6 2. Nc3 d5 3. cxd5 Nxd5 4. Nf3 g6 5. e4 Nxc3 6. dxc3 Qxd1+ 7. Kxd1 Bg7 8. Bf4 c5 9. Bc4 Nc6 10. Kc2 0-0 11. Rhd1 b6 12. h3 Bb7 13. Rd7 Na5 14. Rxe7 Bf6 15. Rxb7 Nxb7 16. Bd5 Na5 17. Bxa8 Rxa8 18. Rd1 Rd8 19. Bc7 Rxd1 20. Kxd1 Nc6 21. Kc2 Kf8 22. Kd3 Ke7 23. Kc4 Kd7 24. Bf4 a6 25. Ng5 Bxg5 26. Bxg5 Ke6 27. Bf4 Na5+ 28. Kd3 b5 29. Be3 Nb7 30. f4 h5 31. g4 hxg4 32. hxg4 a5 33. c4 b4 34. Bf2 a4 35. f5+ gxf5 36. gxf5+ Kd7 37. e5 Kc6 38. Bh4 Na5 39. e6 fxe6 40. f6 1-0

[Event "Paracin op 01"]
[Site "Paracin"]
[Date "2022.01.22"]
[Round "8"]
[White "Dinic, Dragan"]
[Black "Veleski, Robert"]
[Result "0-1"]
[WhiteElo "2187"]
[BlackElo "2111"]
[PlyCount "96"]
[EventDate "2022.01.17"]
[EventType "swiss"]
[EventRounds "9"]
[EventCountry "SRB"]
[SourceTitle "CBM 206 Extra"]
[Source "ChessBase"]
[SourceDate "2022.03.31"]
[SourceVersion "1"]
[SourceVersionDate "2022.03.31"]
[SourceQuality "1"]

1. e4 e5 2. Nf3 Nc6 3. c3 Be7 4. d4 d6 5. Bd3 Nf6 6. 0-0 0-0 7. h3 exd4 8. cxd4 Nb4 9. Nc3 Nxd3 10. Qxd3 c5 11. Bf4 d5 12. e5 c4 13. Qe3 Ne8 14. Bg5 Nc7 15. Bxe7 Qxe7 16. Nh2 b5 17. f4 f5 18. g4 a5 19. Qg3 Ra6 20. Rf2 Bd7 21. Re1 b4 22. Nd1 a4 23. Ne3 a3 24. Qg2 Qf7 25. bxa3 Rxa3 26. Nf3 fxg4 27. Ng5 gxh3 28. Qh1 Qg6 29. Nxd5 Kh8 30. Nxc7 Rxf4 31. Qh2 Qxg5+ 32. Kh1 Rxf2 33. Qxf2 Qg2+ 34. Qxg2 hxg2+ 35. Kxg2 Rxa2+ 36. Kf3 Ra3+ 37. Kf4 Ra7 38. e6 Rxc7 39. exd7 g5+ 40. Kxg5 Rxd7 41. Kf6 h6 42. d5 c3 43. Ke6 Rb7 44. d6 c2 45. Kf6 b3 46. Kg6 Rg7+ 47. Kxh6 b2 48. Re8+ Rg8 0-1

[Event "Paracin op 01"]
[Site "Paracin"]
[Date "2022.01.17"]
[Round "1"]
[White "Kellner, Nikolaus"]
[Black "Veleski, Robert"]
[Result "0-1"]
[WhiteElo "1714"]
[BlackElo "2111"]
[PlyCount "84"]
[EventDate "2022.01.17"]
[EventType "swiss"]
[EventRounds "9"]
[EventCountry "SRB"]
[SourceTitle "CBM 206 Extra"]
[Source "ChessBase"]
[SourceDate "2022.03.31"]
[SourceVersion "1"]
[SourceVersionDate "2022.03.31"]
[SourceQuality "1"]

1. c4 g6 2. d4 Bg7 3. Nf3 d6 4. Bf4 Nd7 5. e3 e5 6. Bg5 f6 7. Bh4 Nh6 8. Qb3 Qe7 9. Be2 Nf5 10. Bg3 h5 11. dxe5 dxe5 12. e4 Nc5 13. Qc2 Nxg3 14. hxg3 Ne6 15. Nc3 c5 16. Nd5 Qd8 17. b4 Bd7 18. bxc5 Qa5+ 19. Qc3 Qxc3+ 20. Nxc3 Nxc5 21. Nh4 Kf7 22. 0-0 Bc6 23. f3 Bf8 24. Nd5 Bd6 25. Rad1 Rad8 26. Rd2 Rd7 27. Bd1 Rhd8 28. Bc2 Ne6 29. g4 Bb4 30. Rdd1 Bc5+ 31. Kh2 Rh8 32. Kg3 Nf4 33. gxh5 Ne2+ 34. Kh3 Rxh5 35. Kg4 Rd8 36. f4 Rdh8 37. Nf3 Bd7+ 38. f5 gxf5+ 39. exf5 R5h7 40. Nf4 Rg7+ 41. Ng6 Rxg6+ 42. Ng5+ Rxg5+ 0-1

[Event "Solta op 4th"]
[Site "Grohote"]
[Date "2021.08.09"]
[Round "3"]
[White "Markun, Ozbej"]
[Black "Veleski, Robert"]
[Result "1/2-1/2"]
[WhiteElo "1937"]
[BlackElo "2159"]
[PlyCount "76"]
[EventDate "2021.08.08"]
[EventType "swiss"]
[EventRounds "9"]
[EventCountry "CRO"]
[SourceTitle "CBM 203 Extra"]
[Source "ChessBase"]
[SourceDate "2021.09.30"]
[SourceVersion "1"]
[SourceVersionDate "2021.09.30"]
[SourceQuality "1"]

1. e4 g6 2. d4 Bg7 3. Nc3 d6 4. f4 Nf6 5. Nf3 0-0 6. Bd3 c5 7. dxc5 dxc5 8. e5 Nd5 9. Nxd5 Qxd5 10. Qe2 Nc6 11. Be4 Qd8 12. Be3 Qc7 13. Qb5 Bf5 14. Bxf5 gxf5 15. Qxc5 Rfc8 16. Qb5 a6 17. Qe2 Nb4 18. c3 Nd5 19. 0-0 e6 20. Rad1 Qc4 21. Qxc4 Rxc4 22. Bc1 Rac8 23. Rd4 R4c7 24. Rdd1 Bf8 25. g3 b5 26. a3 a5 27. Nd4 Bc5 28. Kg2 Bxd4 29. Rxd4 h5 30. Rfd1 Kg7 31. Bd2 Rc4 32. Bc1 a4 33. Kf2 R4c6 34. Be3 Kg6 35. Kf3 Re8 36. Bf2 Rc4 37. Rxc4 bxc4 38. Bc5 Rb8 1/2-1/2

[Event "Solta op 4th"]
[Site "Grohote"]
[Date "2021.08.09"]
[Round "2"]
[White "Veleski, Robert"]
[Black "Jovanovic, Zoran"]
[Result "0-1"]
[WhiteElo "2159"]
[BlackElo "2523"]
[PlyCount "128"]
[EventDate "2021.08.08"]
[EventType "swiss"]
[EventRounds "9"]
[EventCountry "CRO"]
[SourceTitle "CBM 203 Extra"]
[Source "ChessBase"]
[SourceDate "2021.09.30"]
[SourceVersion "1"]
[SourceVersionDate "2021.09.30"]
[SourceQuality "1"]

1. d4 d6 2. Nf3 g6 3. Bg5 Bg7 4. c3 h6 5. Bh4 Nf6 6. Nbd2 g5 7. Bg3 Nh5 8. e4 e6 9. Bd3 Nd7 10. Ng1 Nxg3 11. hxg3 e5 12. Ne2 exd4 13. cxd4 Qe7 14. Rc1 c5 15. 0-0 0-0 16. Bb1 cxd4 17. Nb3 Nc5 18. Nexd4 Nxb3 19. axb3 Qe5 20. Nf5 Bxf5 21. exf5 Rac8 22. Rc4 d5 23. Rb4 Rc7 24. f6 Qxf6 25. Qxd5 Rd8 26. Qe4 Re7 27. Qf3 Qxf3 28. gxf3 Bxb2 29. Be4 b6 30. Rc4 Rd2 31. Re1 Kg7 32. Kf1 Bd4 33. Re2 Rd1+ 34. Re1 Rxe1+ 35. Kxe1 Bc5 36. Kf1 a5 37. Rc2 Rd7 38. Ke2 h5 39. Rc1 Bb4 40. Bd3 Re7+ 41. Kf1 Bc5 42. Rc4 Rd7 43. Ke2 Rd4 44. Rxd4 Bxd4 45. Kf1 Kf6 46. Bc4 Ke7 47. Kg2 f5 48. f4 gxf4 49. Be2 fxg3 50. fxg3 h4 51. gxh4 Be3 52. Kf3 Bh6 53. Ba6 Kf6 54. Bb5 Ke6 55. Ba6 Ke5 56. Bc8 f4 57. Bd7 Kd4 58. Kg4 Kc3 59. Be6 b5 60. Kf3 a4 61. bxa4 bxa4 62. Ke2 a3 63. h5 Kb2 64. Kd1 a2 0-1

[Event "FRM-ch op"]
[Site "Struga"]
[Date "2021.07.29"]
[Round "7"]
[White "Trajkovski, Mile"]
[Black "Veleski, Robert"]
[Result "1-0"]
[WhiteElo "2070"]
[BlackElo "2159"]
[PlyCount "105"]
[EventDate "2021.07.24"]
[EventType "swiss"]
[EventRounds "9"]
[EventCountry "MKD"]
[SourceTitle "CBM 203 Extra"]
[Source "ChessBase"]
[SourceDate "2021.09.30"]
[SourceVersion "1"]
[SourceVersionDate "2021.09.30"]
[SourceQuality "1"]

1. e4 g6 2. d4 Bg7 3. Nf3 d6 4. Bc4 a6 5. a4 b6 6. 0-0 e6 7. Qe2 Ne7 8. Nc3 Bb7 9. Bg5 h6 10. Bh4 Nd7 11. Rad1 g5 12. Bg3 Ng6 13. e5 d5 14. Bd3 c5 15. Bxg6 fxg6 16. Qd3 Nf8 17. h4 c4 18. Qe3 gxh4 19. Bxh4 g5 20. Nxg5 hxg5 21. Bxg5 Bh6 22. Bxd8 Bxe3 23. Bf6 Bxf2+ 24. Kxf2 Rh7 25. Rh1 Bc6 26. g4 Raa7 27. Kg3 b5 28. a5 b4 29. Ne2 Ba4 30. Rxh7 Rxh7 31. Rc1 Ng6 32. c3 Rb7 33. Rh1 Bc2 34. Nf4 bxc3 35. bxc3 Rb3 36. Nxg6 Rxc3+ 37. Kf4 Bxg6 38. Rh8+ Kf7 39. Ra8 Be4 40. Kg5 Rg3 41. Ra7+ Kg8 42. Kh4 Rg1 43. Rxa6 c3 44. Rc6 c2 45. Bg5 Bf3 46. a6 Ra1 47. Rxe6 Be2 48. Rc6 Rxa6 49. Rxc2 Bd3 50. Rc7 Ra4 51. e6 Ra8 52. Bf6 Kf8 53. Rg7 1-0

[Event "FRM-ch op"]
[Site "Struga"]
[Date "2021.07.28"]
[Round "6"]
[White "Veleski, Robert"]
[Black "Nikolovski, Nikola"]
[Result "0-1"]
[WhiteElo "2159"]
[BlackElo "2438"]
[PlyCount "66"]
[EventDate "2021.07.24"]
[EventType "swiss"]
[EventRounds "9"]
[EventCountry "MKD"]
[SourceTitle "CBM 203 Extra"]
[Source "ChessBase"]
[SourceDate "2021.09.30"]
[SourceVersion "1"]
[SourceVersionDate "2021.09.30"]
[SourceQuality "1"]

1. d4 f5 2. g3 Nf6 3. Bg2 e6 4. c4 Be7 5. Nc3 0-0 6. Nf3 d6 7. Qc2 Nc6 8. d5 Nb4 9. Qb3 Na6 10. dxe6 Bxe6 11. Nd4 Bc8 12. c5+ Kh8 13. c6 Nc5 14. Qc2 b6 15. 0-0 Qe8 16. Bf4 Qh5 17. Ndb5 Ne6 18. Rad1 a6 19. Nd4 Nxd4 20. Rxd4 Be6 21. b4 Rae8 22. Qd3 g5 23. Bc1 Ng4 24. h3 Ne5 25. Qd1 f4 26. Nd5 Bxh3 27. Nxe7 Rxe7 28. Bb2 Kg8 29. Re4 g4 30. Rxf4 Rxf4 31. Bxh3 Qxh3 32. Bxe5 Rf5 33. Qd5+ Ref7 0-1

[Event "FRM-ch op"]
[Site "Struga"]
[Date "2021.07.25"]
[Round "3"]
[White "Mihov, Filip"]
[Black "Veleski, Robert"]
[Result "1/2-1/2"]
[WhiteElo "2178"]
[BlackElo "2159"]
[PlyCount "55"]
[EventDate "2021.07.24"]
[EventType "swiss"]
[EventRounds "9"]
[EventCountry "MKD"]
[SourceTitle "CBM 203 Extra"]
[Source "ChessBase"]
[SourceDate "2021.09.30"]
[SourceVersion "1"]
[SourceVersionDate "2021.09.30"]
[SourceQuality "1"]

1. d4 Nf6 2. c4 g6 3. Nc3 Bg7 4. e4 d6 5. Be2 0-0 6. Be3 e5 7. d5 a5 8. g4 Na6 9. h4 Nd7 10. h5 f5 11. hxg6 hxg6 12. gxf5 gxf5 13. exf5 Ndc5 14. Bg4 e4 15. Kf1 Bxf5 16. Nh3 Qh4 17. Bxf5 Rxf5 18. Ke2 Rf3 19. Nf4 Qg4 20. Rg1 Rg3+ 21. Kd2 Rxg1 22. Qxg1 Qxg1 23. Rxg1 Kf7 24. Nh5 Be5 25. Rg4 Rh8 26. Ng3 Re8 27. b3 Rh8 28. Ngxe4 1/2-1/2

[Event "Zadar op-A 26th"]
[Site "Zadar"]
[Date "2019.12.22"]
[Round "9"]
[White "Doric, Nenad"]
[Black "Veleski, Robert"]
[Result "1-0"]
[WhiteElo "2252"]
[BlackElo "2153"]
[PlyCount "113"]
[EventDate "2019.12.15"]
[EventType "swiss"]
[EventRounds "9"]
[EventCountry "CRO"]
[SourceTitle "EXT 2021"]
[Source "ChessBase"]
[SourceDate "2020.10.23"]
[SourceVersion "1"]
[SourceVersionDate "2020.10.23"]
[SourceQuality "1"]

1. d4 d5 2. c4 e6 3. Nc3 Nf6 4. Bg5 Be7 5. e3 0-0 6. Nf3 Nbd7 7. Rc1 dxc4 8. Bxc4 c5 9. 0-0 cxd4 10. Nxd4 Nb6 11. Be2 Nfd5 12. Bxe7 Qxe7 13. Nxd5 Nxd5 14. Bf3 Rd8 15. Qb3 Nf6 16. Nb5 Ne8 17. Rfd1 Rxd1+ 18. Rxd1 a6 19. Nc3 Qc7 20. Qa4 Kf8 21. Qb4+ Qe7 22. Qb6 Qc7 23. Na4 Rb8 24. h3 Qxb6 25. Nxb6 Ke7 26. Nxc8+ Rxc8 27. Bxb7 Rc2 28. Bxa6 Rxb2 29. Ra1 Nd6 30. a4 Kd7 31. a5 Kc7 32. Bd3 Kb8 33. Kf1 Ka7 34. Rc1 Rb7 35. Rc6 Rd7 36. Ke2 g6 37. h4 h5 38. f3 Nb7 39. g4 hxg4 40. fxg4 Kb8 41. a6 Nd8 42. Rc1 f5 43. gxf5 gxf5 44. Bb5 Rh7 45. Rd1 Kc8 46. Bd7+ Kb8 47. Be8 Kc8 48. h5 Ra7 49. h6 Rh7 50. Rh1 Kc7 51. Kf3 Kb6 52. Kf4 Kxa6 53. Kg5 Rh8 54. Bg6 Nc6 55. Kf6 Kb6 56. h7 Kc7 57. Kg7 1-0

[Event "Zadar op-A 26th"]
[Site "Zadar"]
[Date "2019.12.21"]
[Round "8"]
[White "Veleski, Robert"]
[Black "Duhayon, Yves"]
[Result "1/2-1/2"]
[WhiteElo "2153"]
[BlackElo "2119"]
[PlyCount "58"]
[EventDate "2019.12.15"]
[EventType "swiss"]
[EventRounds "9"]
[EventCountry "CRO"]
[SourceTitle "EXT 2021"]
[Source "ChessBase"]
[SourceDate "2020.10.23"]
[SourceVersion "1"]
[SourceVersionDate "2020.10.23"]
[SourceQuality "1"]

1. d4 d5 2. Bf4 Nf6 3. e3 c5 4. c3 Qb6 5. Na3 c4 6. Qc2 Nc6 7. Nf3 Bf5 8. Qc1 e6 9. Nb1 Be7 10. h3 h6 11. Nbd2 0-0 12. Be2 Rfc8 13. 0-0 Qd8 14. Ne5 b5 15. Re1 b4 16. Bf3 Nxe5 17. Bxe5 Bd3 18. Bxf6 Bxf6 19. cxb4 Be7 20. Qc3 Rcb8 21. a3 a5 22. bxa5 Qxa5 23. b4 Qb5 24. Be2 Bxe2 25. Rxe2 Bxb4 26. axb4 Rxa1+ 27. Qxa1 c3 28. Qd1 cxd2 29. Qxd2 Qxb4 1/2-1/2

[Event "FRM-ch op"]
[Site "Ohrid"]
[Date "2019.08.30"]
[Round "9"]
[White "Veleski, Robert"]
[Black "Stanojoski, Zvonko"]
[Result "1/2-1/2"]
[WhiteElo "2153"]
[BlackElo "2449"]
[PlyCount "31"]
[EventDate "2019.08.24"]
[EventType "swiss"]
[EventRounds "9"]
[EventCountry "MKD"]
[SourceTitle "EXT 2020"]
[Source "ChessBase"]
[SourceDate "2019.10.17"]
[SourceVersion "1"]
[SourceVersionDate "2019.10.17"]
[SourceQuality "1"]

1. d4 d5 2. Nf3 Nf6 3. Bf4 e6 4. e3 Bd6 5. Bxd6 Qxd6 6. c3 Nbd7 7. Bd3 0-0 8. 0-0 e5 9. dxe5 Nxe5 10. Nxe5 Qxe5 11. Nd2 h6 12. h3 c6 13. Nf3 Qc7 14. Rc1 Qb6 15. Qb3 Qxb3 16. axb3 1/2-1/2

[Event "FRM-ch op"]
[Site "Ohrid"]
[Date "2019.08.24"]
[Round "1"]
[White "Veleski, Robert"]
[Black "Petrovic, Lazar1111"]
[Result "1-0"]
[WhiteElo "2153"]
[BlackElo "1699"]
[PlyCount "85"]
[EventDate "2019.08.24"]
[EventType "swiss"]
[EventRounds "9"]
[EventCountry "MKD"]
[SourceTitle "EXT 2020"]
[Source "ChessBase"]
[SourceDate "2019.10.17"]
[SourceVersion "1"]
[SourceVersionDate "2019.10.17"]
[SourceQuality "1"]

1. c4 Nf6 2. g3 g6 3. b3 Bg7 4. Bb2 0-0 5. Bg2 c6 6. Nf3 d6 7. 0-0 e5 8. d3 Nh5 9. e4 f5 10. c5 f4 11. cxd6 Qxd6 12. Na3 Rd8 13. Nc4 Qxd3 14. Qc1 Be6 15. Nfxe5 Bxe5 16. Nxe5 Qd2 17. g4 Ng7 18. Qxd2 Rxd2 19. Bc1 Rd8 20. Bxf4 Nd7 21. Nxd7 Rxd7 22. h3 Rad8 23. Bg5 Rf8 24. Rad1 h5 25. f3 a5 26. Rxd7 Bxd7 27. Rd1 Be6 28. Rd6 a4 29. bxa4 hxg4 30. hxg4 Ra8 31. f4 Rxa4 32. f5 gxf5 33. gxf5 Bxa2 34. Rd8+ Kf7 35. Rd7+ Kg8 36. Rxb7 c5 37. Rb8+ Kf7 38. Bf3 c4 39. f6 Kg6 40. fxg7 c3 41. g8Q+ Bxg8 42. Rxg8+ Kf7 43. Rc8 1-0